| 000 | 01056aam a2200325 i 4500 | ||
|---|---|---|---|
| 001 | 69069 | ||
| 003 | Mx-PuUPA | ||
| 005 | 20220302080947.0 | ||
| 008 | 200506s2016 mx a|||gr|||| 00| j spa d | ||
| 020 | _a9786073141659 | ||
| 040 |
_aMx-PuUPA _bspa _cMx-PuUPA _dMx-PuUPA _erda |
||
| 041 | 0 | _aspa | |
| 100 | 1 |
_911063 _aMontero, Rosa, _d1951- _eautor |
|
| 245 | 1 | 0 |
_aHistorias de mujeres / _cRosa Montero |
| 250 | _aAmpliada | ||
| 264 | 1 |
_aCiudad de México : _bPenguin Random House Grupo Editorial, _c2016 |
|
| 300 |
_a247 páginas : _bilustraciones ; _c19 cm |
||
| 336 |
_2rdacontent _atexto _btxt |
||
| 337 |
_2rdamedia _asin medio _bn |
||
| 338 |
_2rdacarrier _avolumen _bnc |
||
| 490 | 1 | _aDebolsillo. Bestseller | |
| 650 | 4 |
_aMujeres _vBiografía |
|
| 650 | 4 |
_aBiografía _ySiglo XX |
|
| 650 | 4 | _aMujeres | |
| 830 | 0 |
_911582 _aDebolsillo. _pBestseller |
|
| 942 |
_2ddc _cLI _iM734 _h920.72 |
||
| 999 |
_c69069 _d69069 |
||